[Event "VII Sunway Sitges Open 2020"]
[Site "Sitges"]
[Date "2020.12.21"]
[Round "8.12"]
[White "Lopez Martinez, Josep Manuel"]
[Black "Valenzuela Gomez, Fernando"]
[Result "1-0"]
[WhiteElo "2542"]
[BlackElo "2390"]
[Annotator "TA"]
[PlyCount "85"]
[EventDate "2020.12.13"]
[EventType "swiss"]
[EventCountry "ESP"]
[SourceTitle "playchess.com"]
[Source "ChessBase"]
[SourceQuality "1"]

{[%evp 9,85,26,23,13,56,17,12,0,0,0,24,0,0,1,0,0,0,0,0,0,13,32,11,7,24,19,35,29,83,45,104,97,124,108,129,125,154,111,118,112,141,141,172,127,147,151,197,160,168,173,168,116,191,209,191,178,175,183,387,330,662,561,488,416,420,412,844,577,5628,5600,2866,2866,29991,29992,29992,29993,29993,29994]} 1. d4 Nf6 2. c4 e6 3. Nf3 d5 4. Nc3 a6 5. cxd5 exd5 6. Qb3 {D37: Queen's Gambit Declined: 5 Bf4.} h6 7. Bf4 (7. e4 $5) 7... c5 8. dxc5 {The position is equal.} Bxc5 9. e3 Nc6 {[#]} 10. Rd1 $146 ({Predecessor:} 10. Be2 O-O 11. O-O b5 12. Rac1 {1-0 (40) Eljanov,P (2655)-Nabaty,T (2678) Netanya 2019}) 10... Qe7 {[#] Threatens to win with ...d4.} 11. Be2 (11. Nxd5 Nxd5 12. Qxd5 Bb4+ 13. Ke2 Be6 $17) 11... Be6 {White must now prevent ...d4.} 12. Qc2 ({Much worse is} 12. Nxd5 Nxd5 13. Rxd5 Bb4+ 14. Kf1 O-O $17) 12... O-O 13. O-O Rac8 14. Ne5 Nxe5 15. Bxe5 Rfd8 16. Bf3 Ba7 17. Bd4 Bb8 18. g3 h5 (18... Ne4 $11) 19. Qb3 h4 (19... b5 $14) 20. Bxf6 $16 Qxf6 21. Bxd5 hxg3 22. hxg3 ({Don't take} 22. fxg3 Qh6) 22... Bh3 23. Bg2 ({Worse is} 23. Qxb7 Bxf1 24. Ne4 Qf5 $15) 23... Bxg2 24. Kxg2 Qc6+ 25. Nd5 Re8 26. Rd2 b5 27. Qd3 g6 28. e4 Qe6 29. f4 Kg7 30. Re2 (30. Qd4+ $18 f6 31. Rh1) 30... Rc4 (30... Rh8 $16 {keeps fighting.}) 31. Rfe1 Rh8 {[#] And now ...Qh3+ would win.} 32. f5 $1 $36 {[%cal Rf5e6][%mdl 2048] White is on the roll.} Qe5 33. Rd1 Kg8 $2 (33... Rc6 {is a better defense.} 34. Qf3 Rh5) 34. Nf4 Rc6 $2 (34... Qe8 35. fxg6 Bxf4) 35. fxg6 Kg7 36. gxf7 Rd6 37. Qb3 {Hoping for Rd5.} Rdh6 (37... Rxd1 $142 38. Qxd1 Bd6) 38. Rd7 $18 Rh2+ 39. Kf3 Qxf4+ 40. gxf4 R8h3+ 41. Kg4 {White mates.} Rh4+ 42. Kf5 Rxf4+ 43. Kg5 {Weighted Error Value: White=0.17/Black=0.44} 1-0

[Event "VII Sunway Sitges Open 2020"]
[Site "Sitges"]
[Date "2020.12.21"]
[Round "8.14"]
[White "Ayats Llobera, Gerard"]
[Black "Bellahcene, Bilel"]
[Result "1-0"]
[WhiteElo "2400"]
[BlackElo "2510"]
[Annotator "TA"]
[PlyCount "37"]
[EventDate "2020.12.13"]
[EventType "swiss"]
[EventCountry "ESP"]
[SourceTitle "playchess.com"]
[Source "ChessBase"]
[SourceQuality "1"]

{[%evp 15,37,17,20,12,20,-8,13,21,15,-27,177,18,288,288,393,398,475,354,446,459,439,439,714,692]} 1. e4 c5 2. Nf3 d6 3. d4 cxd4 4. Nxd4 Nf6 5. Nc3 a6 6. Bg5 Nbd7 7. Bc4 Qa5 8. Qd2 e6 9. Bb3 {B94: Sicilian Najdorf: 6 Bg5 Nbd7.} Be7 10. O-O-O h6 11. Bh4 {The position is equal.} Nc5 12. Rhe1 Bd7 $2 {[#]} (12... O-O $11) 13. Kb1 $2 {[#]} ({Only move:} 13. Nf5 $1 $18 {[%cal Rf5e7][%mdl 512]} exf5 14. exf5 Nxb3+ 15. axb3 Qa1+ 16. Nb1) 13... Rb8 $146 {[%mdl 8192] [#]} (13... Qc7 $11 {and Black stays safe.}) ({Predecessor:} 13... Nfxe4 14. Nxe4 Qxd2 15. Rxd2 Bxh4 16. Nxd6+ Kf8 17. Nf3 Bg5 18. Rdd1 Ke7 19. Nxf7 Kxf7 {1-0 (35) Delchev,A (2623)-Erdogdu,M (2428) Plovdiv 2010}) 14. Nf5 $1 $18 {[%cal Rf5e7][%mdl 576] Discovered Attack} Nxb3 (14... exf5 15. exf5) 15. axb3 exf5 16. exf5 {And now Rxe7+! would win.} O-O 17. Rxe7 {White is clearly winning.} Qxf5 18. Bxf6 {[%mdl 64] Overworked Piece} gxf6 (18... Bc6 $142 19. Bd4 Rfe8) 19. Qxh6 {Weighted Error Value: White=0.38/Black=0.91} 1-0

[Event "VII Sunway Sitges Open 2020"]
[Site "Sitges"]
[Date "2020.12.21"]
[Round "8.15"]
[White "Stefanova, Antoaneta"]
[Black "Garcia Ramos, Daniel"]
[Result "1-0"]
[WhiteElo "2466"]
[BlackElo "2380"]
[Annotator "TA"]
[PlyCount "63"]
[EventDate "2020.12.13"]
[EventType "swiss"]
[EventCountry "ESP"]
[SourceTitle "playchess.com"]
[Source "ChessBase"]
[SourceQuality "1"]

{[%evp 9,63,-9,-2,-8,-10,-8,-4,-28,-8,-33,-30,-35,-19,-44,0,0,34,20,23,7,31,16,29,9,60,46,127,127,115,124,158,102,106,107,119,117,118,113,169,178,405,388,395,412,785,785,747,453,610,599,593,571,29988,29989,29984,29980]} 1. d4 d5 2. Bf4 Nf6 3. e3 e6 4. Nd2 Bd6 5. Bg3 O-O 6. Bd3 {D00: 1 d4 d5: Unusual lines.} c5 7. c3 Nc6 {[%cal Bb8c6,Bc6e7,Be7g6][%mdl 32] 7...Qc7 is the modern continuation.} 8. f4 {The position is equal.} b6 {[%cal Bb7b6,Bb6b5][%mdl 32]} 9. Nh3 Bb7 {[#]} 10. Qf3 $146 ({Predecessor:} 10. Bh4 Be7 11. Bxf6 Bxf6 12. Nf3 g6 13. g4 c4 14. Bc2 b5 15. g5 Bg7 16. Nf2 {1-0 (37) Ghane Gardeh,S (2415)-Setiawan,A (2185) Parramatta 2009}) 10... Ne7 11. Bf2 b5 12. Bh4 Ng6 13. Bxf6 Qxf6 14. O-O b4 15. Qh5 bxc3 16. bxc3 cxd4 (16... Bc6 $11) 17. cxd4 $14 Rac8 (17... Bc6 $1 $14) 18. Ng5 $40 {[%csl Gg5][%cal Rh5h7][%mdl 128] White goes for the king.} h6 {[%cal Rd6f4] [#] And now ...Bxf4 would win.} 19. Nxf7 $1 {[%mdl 512]} Kxf7 (19... Qxf7 20. Bxg6) 20. Nf3 ({Better is} 20. f5 Kg8 21. fxg6) 20... Kg8 21. Bxg6 Rc3 22. Rae1 Ba6 23. Rf2 Rfc8 {[#]} (23... Qe7 $16) 24. g4 $1 $18 {[%cal Rg4g5] g5 is the strong threat.} Rc1 $2 (24... Bd3 25. Bxd3 Rxd3) 25. Rxc1 Rxc1+ 26. Kg2 Bxf4 (26... Bb5 $142 27. g5 Qe7 28. gxh6 gxh6) 27. exf4 Qxf4 28. Qe5 Qf6 29. Bc2 {Hoping for Qb8+.} Bf1+ 30. Kg3 {Strongly threatening Qb8+.} Bc4 31. Qb8+ {[%mdl 64] Double Attack} Qf8 {[#]} 32. Bh7+ $1 {[%mdl 512] Weighted Error Value: White=0.19/Black=0.66} 1-0

[Event "VII Sunway Sitges Open 2020"]
[Site "Sitges"]
[Date "2020.12.21"]
[Round "8.16"]
[White "Jimenez Ruano, Adrian"]
[Black "Maurizzi, Marc Andria"]
[Result "0-1"]
[WhiteElo "2279"]
[BlackElo "2445"]
[Annotator "TA"]
[PlyCount "134"]
[EventDate "2020.12.13"]
[EventType "swiss"]
[EventCountry "ESP"]
[SourceTitle "playchess.com"]
[Source "ChessBase"]
[SourceQuality "1"]

{[%evp 17,134,20,33,21,58,-33,42,26,28,22,27,-1,52,43,45,29,40,51,50,69,83,65,82,62,86,0,0,0,0,0,32,0,10,16,91,53,61,22,86,36,57,60,121,8,131,114,448,0,0,0,0,0,0,-126,-127,-91,-83,-153,-159,-136,-86,-93,-83,-76,-75,-76,-74,-89,-75,-150,-143,-143,-151,-192,-195,-208,-197,-236,-225,-358,-358,-372,-373,-372,-347,-347,-347,-345,-344,-347,-347,-347,-319,-777,-767,-650,-580,-760,-749,-752,-745,-722,-648,-576,-576,-1036,-924,-29982,-29983,-29983,-29984,-29983,-29985,-29985,-29983,-29986,-29987,-29987,-29988]} 1. d4 Nf6 2. c4 g6 3. Nc3 Bg7 4. e4 d6 5. h3 O-O 6. Nf3 e5 7. d5 a5 8. g4 Na6 9. Bg5 Qe8 {9...Qe8 is better than 9...Nc5.} 10. Qc2 {[#] E90: King's Indian: Classical: Early deviations and 6 h3.} Kh8 $146 ({Predecessor:} 10... c6 11. O-O-O cxd5 12. Bxf6 Bxf6 13. Nxd5 Bd8 14. Kb1 Be6 15. g5 Bxd5 16. Rxd5 Nb4 {0-1 (30) Leitner,G (2201)-Kostic,V (2399) Vienna 2014}) 11. Ng1 (11. O-O-O $14) 11... Ng8 (11... Nd7 $15) 12. f3 $14 {White is slightly better.} f5 13. O-O-O Bd7 14. Bg2 Nc5 (14... fxe4 $11 15. fxe4 b5) 15. Kb1 fxe4 16. fxe4 b5 17. cxb5 Bxb5 18. Be3 Bd7 19. Nge2 h6 20. Qd2 Bf6 21. g5 (21. Ng1 $16) 21... Bxg5 $11 22. Bxg5 hxg5 23. Qxg5 Rf7 24. Rdf1 Rh7 25. h4 Rh5 (25... Qe7 $11) 26. Qe3 $16 Rh7 27. Ng3 Qd8 (27... Qe7 $1 $11 {keeps the balance.}) 28. h5 g5 $1 29. Nf5 g4 ({Better is} 29... Bxf5 $14 30. Rxf5 g4) 30. h6 (30. Nh4 $16) 30... Rb8 (30... Ne7 $1 $11) 31. Nh4 $1 {[%cal Rh4g6]} Nxh6 $2 {[%mdl 8192] [#]} (31... Be8 $16 {is more resistant.}) 32. Nf5 $2 ({Less strong is} 32. Ng6+ Kg7 $16) (32. Rf8+ $1 $18 {[%mdl 512]} Qxf8 33. Ng6+ {[%mdl 64] Double Attack} Kg8 34. Nxf8 Rxf8 35. Qg5+ Kf7 36. Rxh6 Rxh6 37. Qxh6) 32... Nxf5 $11 33. Rxh7+ Kxh7 34. exf5 {f6 is the strong threat.} Qf6 {[#]} 35. Be4 (35. Ne4 $1 $11 {[%mdl 512]} Nxe4 36. Bxe4) 35... Rg8 $17 36. Bc2 Rg5 $36 {[%cal Rd7f5][%mdl 2048] Black is on the roll.} 37. Qf2 ({White should play} 37. Qg3) 37... g3 38. Qg2 Kg8 39. Rf3 Bxf5 40. Bxf5 Rxf5 41. Rxg3+ Kf7 {aiming for ...Rf1+.} 42. a3 Rf2 $1 {[%cal Rf2g2] [#]} 43. Qh3 (43. Rg7+ $142 $1 {[%mdl 512]} Qxg7 44. Qxf2+ Ke7 45. Qh4+ Qf6 46. Qg4) 43... Qf5+ 44. Qxf5+ Rxf5 {[%mdl 4096] Endgame KRN-KRN} 45. Nb5 Rf1+ 46. Kc2 Rf2+ 47. Kb1 e4 48. Nxc7 (48. b4 {was necessary.} axb4 49. axb4) 48... Nd3 $19 49. Re3 {[#]} Rf1+ $1 ({Weaker is} 49... Rxb2+ 50. Ka1 $17) 50. Ka2 Nc1+ 51. Kb1 Nb3+ 52. Kc2 a4 {[%csl Gb3][%cal Rf1c1]} 53. Kc3 Rc1+ 54. Kb4 {Black must now prevent Nb5.} Rxc7 55. Kxa4 $2 {KRN-KR} (55. Rxe4 Rb7+ 56. Kc3) 55... Nc5+ 56. Kb5 Kf6 57. b4 {With the idea Kb6.} Ke5 58. Kb6 Rc8 ({Not} 58... Rb7+ 59. Kc6 $17) 59. bxc5 Rxc5 {KR-KR} 60. a4 Rxd5 61. a5 {Cut Off at move 61} Rd3 62. Rxd3 exd3 {KPP-KP. Black mates.} 63. a6 d2 64. a7 d1=Q 65. a8=Q Qd4+ 66. Kc7 Qc4+ 67. Kd7 {[#]} Qf7+ $1 {What a bad dream for White.  Weighted Error Value: White=0.45/Black=0.24} 0-1

[Event "VII Sunway Sitges Open 2020"]
[Site "Sitges"]
[Date "2020.12.21"]
[Round "8.17"]
[White "Msellek, Ilyass"]
[Black "Gines Esteo, Pedro Antonio"]
[Result "1/2-1/2"]
[WhiteElo "2316"]
[BlackElo "2437"]
[Annotator "TA"]
[PlyCount "81"]
[EventDate "2020.12.13"]
[EventType "swiss"]
[EventCountry "ESP"]
[SourceTitle "playchess.com"]
[Source "ChessBase"]
[SourceQuality "1"]

{[%evp 13,81,18,24,15,14,9,30,21,20,18,35,6,52,44,54,42,58,31,64,55,87,86,92,89,97,96,93,97,114,125,125,100,150,149,138,124,120,56,219,235,272,227,241,83,147,147,151,159,293,279,274,268,218,58,308,312,297,279,235,208,377,365,353,0,0,0,316,0,0,0]} 1. e4 c6 2. d4 d5 3. f3 Qb6 4. Nc3 Nf6 5. e5 Nfd7 6. f4 e6 7. Nf3 c5 8. dxc5 {C11: French: Classical System: 4 e5 and 4 Bg5 dxe4.} Bxc5 9. Na4 Qa5+ (9... Bf2+ $6 10. Ke2 $16) 10. c3 {And now b4 would win.White has an edge.} Be7 11. b4 Qc7 12. Bd3 {[#]} a6 $146 ({Predecessor:} 12... a5 13. Bd2 axb4 14. cxb4 Nb6 15. Nxb6 Qxb6 16. a4 O-O 17. a5 Qa7 18. b5 Nd7 19. b6 Qb8 20. Rc1 f6 21. Rc7 Bd8 22. Ng5 fxg5 23. Qh5 {1-0 (22) Muzyka,Y (2392)-Beltins,G (1857) ICCF email 2012}) 13. Bd2 b5 14. Nb2 $36 {[%mdl 2048] Black is under pressure.} Nb6 15. Qe2 Nc4 16. Nxc4 bxc4 17. Bc2 a5 {Strongly threatening ...axb4.} 18. b5 {[%cal Bb4b5,Bb5b6][%mdl 32]} a4 19. O-O Nd7 20. Nd4 Nc5 21. Rab1 g6 22. Be3 Bd7 23. b6 $1 {[%cal Rb6c7]} Qb7 24. g4 Ra6 25. f5 (25. Qf2 $1 $16) 25... exf5 $2 (25... Rxb6 $14 26. Nxe6 Bxe6) 26. gxf5 $18 Bxf5 27. Bxf5 (27. Nxf5 $6 gxf5 28. Qg2 (28. Rxf5 d4 $11) (28. Bxf5 Rg8+ 29. Kh1 d4+ 30. Qf3 dxe3 $17) 28... Rxb6 $18) 27... gxf5 28. Qg2 $2 (28. Nxf5 Rg8+ 29. Ng3 Rxb6 $14) (28. Qh5 $18 {has better winning chances.}) 28... Rxb6 ({Better is} 28... f4 29. Bxf4 (29. Rxf4 Rxb6 30. Rxb6 Qxb6 $14) 29... Rxb6 30. Rxb6 Qxb6) 29. Rxb6 $16 Qxb6 30. Nxf5 (30. Qxd5 $6 Qb7 $14) 30... Qc6 (30... Qb7 $16 {was necessary.} 31. Nxe7 Qxe7) 31. Qg7 $18 Rf8 32. Nxe7 (32. Qxh7 $6 Kd8 $18) 32... Kxe7 33. Bh6 $2 ({Don't do} 33. Qxh7 $6 Qc8 $16) (33. Bg5+ $1 $18 Ke8 34. Bh6 (34. Qxh7 Qg6 $17) 34... Qg6+ 35. Qxg6 hxg6 36. Rb1 (36. Bxf8 Kxf8 37. Kf2 Ke7 $18)) 33... Qg6+ $2 (33... Re8 $1 $14) 34. Qxg6 hxg6 35. Bxf8+ Kxf8 {[%mdl 4096] Endgame [#] KR-KN} 36. Kf2 $1 Ne4+ $2 (36... Ke7 37. Ke3 Ke6) 37. Ke3 Nxc3 38. Kd4 Ne2+ 39. Ke3 $1 {[%cal Re3e2]} ({Don't blunder} 39. Kxd5 $2 c3 $19) 39... Nc3 {[#]} 40. Kd4 $2 ({White must play} 40. e6 $1 $18) 40... Ne2+ $11 41. Ke3 $1 {Weighted Error Value: White=0.40/Black=0.36} ({Avoid the trap} 41. Kxd5 $2 c3 $19) 1/2-1/2

[Event "VII Sunway Sitges Open 2020"]
[Site "Sitges"]
[Date "2020.12.21"]
[Round "8.18"]
[White "Martin Duque, Jesus"]
[Black "Carbonell Sancho, Marc"]
[Result "1-0"]
[WhiteElo "2422"]
[BlackElo "2274"]
[Annotator "TA"]
[PlyCount "119"]
[EventDate "2020.12.13"]
[EventType "swiss"]
[EventCountry "ESP"]
[SourceTitle "playchess.com"]
[Source "ChessBase"]
[SourceQuality "1"]

{[%evp 13,119,36,41,26,41,16,24,10,16,25,28,21,36,21,22,29,29,28,40,18,34,-56,28,-30,0,0,0,-87,28,-60,-51,-54,-56,-55,-51,-74,-69,-63,-55,-81,-77,-88,-89,-88,-56,-92,0,-102,-111,-117,16,-13,-31,-30,29,36,104,0,940,919,811,401,388,337,395,335,344,352,349,376,397,414,397,381,397,399,377,375,361,401,430,427,401,395,390,365,392,336,370,278,290,304,428,374,511,496,488,441,1489,910,29982,29983,29983,29984,29989,29989,29989,29990]} 1. e4 d6 2. d4 Nf6 3. Nc3 g6 4. Be3 c6 5. Qd2 b5 6. Bd3 Nbd7 7. Nf3 Bg7 8. Ne2 {B08: Pirc Defence: Classical System.} Bb7 {[#]} 9. Ng3 $146 ({Predecessor:} 9. c3 e5 10. Bh6 O-O 11. Bxg7 Kxg7 12. Ng3 Re8 13. O-O d5 14. dxe5 Nxe4 15. Bxe4 dxe4 16. Nxe4 Nxe5 {0-1 (34) Negi,P (2631)-Gashimov,V (2756) Germany 2012}) 9... Ng4 10. Bg5 {White has an edge.} h6 11. Bh4 $1 Qc7 12. O-O e5 13. h3 Ngf6 14. a4 a6 15. axb5 cxb5 16. d5 O-O 17. b4 (17. Rfc1 $14) 17... Rac8 (17... Nh7 $1 $15) 18. Ra3 ({White should play} 18. Rfc1) 18... Kh7 19. Rfa1 Nb6 20. Qe2 (20. Bxf6 $11 Bxf6 21. Qe2) 20... Rfe8 (20... g5 21. Nxg5+ $1 {[%mdl 512]} hxg5 22. Bxg5 $16) (20... Nbxd5 $17 21. exd5 Nxd5) 21. Rxa6 (21. Bxf6 $11 Bxf6 22. c3) 21... Bxa6 $15 22. Rxa6 Ra8 $1 {[%cal Ra8a6]} (22... g5 23. Bxg5 $1 {[%mdl 512]} hxg5 24. Qe3 $16) 23. Bxb5 Rxa6 24. Bxa6 Ra8 $1 ({Of course not} 24... g5 $6 25. Nxg5+ hxg5 26. Bxg5 $14) 25. Bd3 Qc3 ({Don't play} 25... g5 26. Nxg5+ hxg5 27. Bxg5 $14) 26. Bxf6 Bxf6 27. Qd2 Qa3 {[%mdl 1024] Black has strong compensation.} 28. Nf1 Na4 29. Ne3 Nb2 (29... Nc3 $17 30. b5 Qc5) 30. Bb5 (30. Be2 $11 {keeps the balance.}) 30... Rb8 $1 $17 {[%cal Rb8b5]} 31. c4 Na4 (31... Nd3 $17 32. Nc2 Qb3) 32. Bxa4 (32. Nc2 $5 {[%cal Rc2a3]} Qb3 33. Bxa4 Qxa4 34. Qd3 $11) 32... Qxa4 33. b5 Qb3 ({Black should try} 33... Bd8) 34. Qa5 $36 {[%mdl 2048] And now Qc7 would win. White is pushing.} Qb1+ 35. Kh2 (35. Nf1 $1 $16) 35... Rb7 $2 {[%mdl 8192] White leaves nothing to chance now.} (35... Qxe4 $11 36. Qc7 Ra8 37. Qxf7+ {[%mdl 64] Double Attack} Bg7) 36. Qa6 $18 Rd7 {[#]} 37. Qc6 (37. c5 $142 $1 {[%mdl 512]}) 37... Rd8 38. Ng4 Bg7 39. Qc7 {[%mdl 64] Double Attack} Rf8 40. Qxd6 Qxe4 41. Nf6+ ({Weaker is} 41. Nfxe5 Qf4+ 42. g3 Qf5 $18) 41... Bxf6 42. Qxf8 Qf4+ 43. Kh1 Bg7 44. Qc5 e4 45. Ng1 Be5 {[%csl Ge5][%cal Rf4h2]} 46. g3 Qf6 47. Qe3 Bd4 {[#]} 48. Qf4 $1 {[%cal Rf4f6] Threatens to win with Qxf6.} Qe7 49. Ne2 Bc5 50. Nc3 e3 51. fxe3 Bxe3 52. Qe4 Qg5 (52... Qa7 $142 53. Kg2 Bc5) 53. Kg2 {aiming for h4.} Bc5 54. Qf4 Qe7 55. Ne4 {d6 is the strong threat.} Bb4 (55... Bd4 $142 56. d6 Qa7) 56. b6 Kg7 57. d6 {White mates.} Qb7 58. Qe5+ Kg8 59. Qe8+ Kg7 60. d7 {Weighted Error Value: White=0.30/Black=0.34} 1-0

[Event "VII Sunway Sitges Open 2020"]
[Site "Sitges"]
[Date "2020.12.21"]
[Round "8.19"]
[White "Krysa, Leandro"]
[Black "Boyer, Mahel"]
[Result "1-0"]
[WhiteElo "2531"]
[BlackElo "2307"]
[Annotator "TA"]
[PlyCount "81"]
[EventDate "2020.12.13"]
[EventType "swiss"]
[EventCountry "ESP"]
[SourceTitle "playchess.com"]
[Source "ChessBase"]
[SourceQuality "1"]

{[%evp 13,81,20,44,43,48,47,45,37,34,33,45,35,31,16,32,21,18,10,31,36,20,35,25,10,21,14,48,17,19,4,26,4,34,39,47,48,47,35,41,23,23,25,53,29,64,69,56,59,103,59,207,216,197,216,272,272,272,266,518,466,504,501,632,625,620,564,589,539,730,734]} 1. c4 e6 2. Nc3 d5 3. d4 Nf6 4. cxd5 exd5 5. Bg5 c6 6. e3 Bf5 7. Qf3 Be6 8. Bxf6 {D35: Queen's Gambit Declined: Exchange Variation.} Qxf6 9. Qxf6 gxf6 10. Nf3 {White is slightly better.} Nd7 {[%cal Bb8d7,Bd7b6,Bb6c4][%mdl 32]} 11. Bd3 Nb6 12. Nh4 Nc4 {[#]} 13. Rb1 $146 ({Predecessor:} 13. O-O-O Nd6 14. Ne2 Rg8 15. g3 f5 16. Nf4 Bh6 17. Nhg2 a5 18. a3 Ke7 19. Kb1 {½-½ (30) Moiseenko,A (2678)-Wang,Y (2706) China 2017}) 13... Bb4 14. Kd1 a5 15. Kc2 a4 16. Bxc4 dxc4 17. a3 Be7 18. e4 O-O-O 19. Rbd1 b5 (19... f5 $5 20. Nxf5 Bxf5 21. exf5 Rhg8 $11) 20. g3 Rhe8 21. Rhe1 Kc7 22. d5 Bd7 23. dxc6 Bxc6 24. Nf5 Bc5 25. f3 Kb6 26. g4 b4 27. axb4 Bxb4 28. Nd4 Kc5 29. Nxc6 Kxc6 30. Rd5 Rb8 31. Rf5 Re6 {This move loses the game for Black.} ({Black should try} 31... Bxc3 $14 32. Kxc3 Rb3+ 33. Kxc4 Rc8) 32. Ra1 $18 Bxc3 33. Kxc3 {[%mdl 4096] Endgame KRR-KRR} ({And not} 33. bxc3 Ra8 $14) 33... Rb3+ 34. Kxc4 Rxb2 35. Rxa4 Rc2+ $2 {[#]} (35... Rd2 36. Rxf6 Rxf6 37. Ra6+ Kd7 38. Rxf6 Ke7) 36. Kd3 {White is clearly winning.} Rxh2 37. Ra7 Rh6 38. Rxf7 Kd6 39. Ke3 Kc6 40. Kf4 Kb6 41. Rh5 {Weighted Error Value: White=0.09/Black=0.36} 1-0

[Event "VII Sunway Sitges Open 2020"]
[Site "Sitges"]
[Date "2020.12.21"]
[Round "8.20"]
[White "Cuenca Jimenez, Jose Fernando"]
[Black "Dalaud, Dorian"]
[Result "1-0"]
[WhiteElo "2528"]
[BlackElo "2291"]
[Annotator "TA"]
[PlyCount "75"]
[EventDate "2020.12.13"]
[EventType "swiss"]
[EventCountry "ESP"]
[SourceTitle "playchess.com"]
[Source "ChessBase"]
[SourceQuality "1"]

{[%evp 16,75,54,38,52,45,52,45,45,36,212,102,99,22,40,40,45,41,36,42,39,39,50,44,38,41,37,13,32,31,67,27,41,35,35,45,32,31,48,52,206,187,206,121,136,146,143,123,314,142,241,238,358,358,379,372,459,459,1039,992,29998,29999]} 1. d4 Nf6 2. c4 g6 3. Nc3 Bg7 4. e4 d6 5. Nf3 O-O 6. Be2 Na6 7. O-O e5 8. Be3 c6 {8...Qe7 is a critical line. Played by Maxime Vachier Lagrave in November 2020.} 9. Re1 exd4 {E94: King's Indian: Classical: 6 Be2 e5 7 0-0: Various Black 7th moves.} 10. Nxd4 Re8 11. f3 d5 {White is slightly better.} 12. cxd5 cxd5 $2 ({Black should play} 12... Nxd5 $14 13. Nxd5 (13. exd5 Rxe3 14. Qd2 Qb6 $11) 13... cxd5) 13. Bb5 (13. Bxa6 $1 $18 {and the rest is easy. And now Bb5 would win.} bxa6 14. e5) 13... Bd7 $16 {[%cal Rd5e4] [#]} 14. exd5 $146 (14. Bxa6 $1 $16 bxa6 15. exd5 (15. Nxd5 Nxd5 16. exd5 Qf6 $11)) ({Predecessor:} 14. Bxa6 bxa6 15. exd5 Re5 16. Bf2 Nh5 17. Qd2 Qf8 18. Nb3 Bh6 19. Qd4 Rf5 20. Nc5 {1-0 (48) Raja,R (2364)-Kathmale,S (2326) Abu Dhabi 2019}) 14... Nc7 15. Bc4 b5 $1 {[%cal Rb5c4]} 16. Bb3 {Threatens to win with d6.} ({Weaker is} 16. Ncxb5 Nxb5 17. Nc6 (17. Bxb5 $2 Nxd5 18. Bf2 Rxe1+ {[%mdl 64] Overworked Piece} 19. Qxe1 Bxd4 $19) (17. Nxb5 $2 Bxb5 18. Bxb5 Rxe3 $19) 17... Bxc6 $17) ({Don't go for} 16. Bxb5 $2 Nfxd5 17. Nxd5 Nxd5 $19) (16. Ndxb5 $2 Nxb5 17. Nxb5 Bxb5 $19) 16... b4 17. d6 bxc3 18. dxc7 Qxc7 19. Rc1 Qa5 20. bxc3 Nd5 21. Bd2 Qc5 22. Kh1 Rxe1+ 23. Qxe1 Re8 24. Qf1 Bxd4 25. cxd4 Qxd4 26. Be1 $36 {[%mdl 2048] Hoping for Rd1. White has the initiative.} Nf4 27. Rd1 Qb2 $2 {[#]} (27... Nd3 $1 $14) 28. Bxf7+ $1 $18 {[%mdl 576] Decoy} Kxf7 29. Qc4+ {[#]} (29. Rxd7+ $18 Re7 30. Qc4+ Ne6 31. Rxe7+ Kxe7 32. Qh4+ Kf7 33. Qxh7+ Ng7 34. h3) 29... Nd5 $1 {[%mdl 512]} 30. Qxd5+ {[%mdl 64] Double Attack} Be6 31. Qd6 Qe2 $2 (31... Kg8 $16) 32. Bg3 (32. Bc3 $18 {and White stays clearly on top.} Qe3 33. Bd4) 32... Qxa2 {[#]} (32... Bxa2 $16 {was worth a try.} 33. h3 Qe7) 33. Be5 $1 {[%cal Re5c3] Black must now prevent Bc3.} Re7 (33... Qc2 $142 34. Ba1 g5) 34. Bc3 Qa4 {aiming for ...Rd7!} 35. Re1 Qb5 36. Qd4 Ke8 (36... Qf5 $142 37. h4 g5) 37. Bb4 Rd7 38. Qh8+ {Accuracy: White = 70%, Black = 44%.} 1-0